Visualizzazione normale
Vista MARC
- Dolphy Eric
di Personal Name
Records bibliografici associati: 1
001 - CONTROL NUMBER
- control field: 31744
003 - CONTROL NUMBER IDENTIFIER
- control field: IT-RoPau
005 - DATE AND TIME OF LATEST TRANSACTION
- control field: 20140625084646.0
008 - FIXED-LENGTH DATA ELEMENTS
- fixed length control field: 140625|| aca||aabn | a|a d
040 ## - CATALOGING SOURCE
- Original cataloging agency: IT-RoPau
- Transcribing agency: IT-RoPau
100 ## - HEADING--PERSONAL NAME
- Personal name: Dolphy Eric
- Miscellaneous information: Codice autore musica SPICS: 16406
- Relator term: Autore musica
- Name of part/section of a work: G.W
670 ## - SOURCE DATA FOUND
- Source citation: Work cat.: (IT-RoPau)99268: AA.VV. 794, Black California